000 008530000a22001930004500
001 768714001
003 CO-MdFUSB
005 20161123114910.0
008 161123s1996 sp ||||| |||| 00| 0 spa d
022 _a0014-1437
040 _aCO-MdFUSB
_cCO-MdFUSB
_dCO-MdFUSB
100 1 _aAlonso Schökel, Luis (1920-)
_eautor
245 1 0 _aTres Notas de Hermenéutica
300 _aVolumen 55, Número 1 (1997), Páginas 73-87
520 _aEstas "Notas" reflexionan sobre la utilidad y las limitaciones del método histórico- crítico (I), la expresión dikaiosúne tou Teoû en su relación con el AT y con el Qumrán (II), la participación del lector u oyente en la comprensión de la Biblia (III).
546 _aTexto en Español
773 0 _tEstudios Bíblicos
_049452
_960480
_gVolumen 55, Número 1 (1997), Páginas 73-87
_qPágina 73
942 _cANA
999 _c50183
_d50183